|
|
|
|
| LEADER |
03563nam a22003853i 4500 |
| 001 |
EBC30685971 |
| 003 |
MiAaPQ |
| 005 |
20231204023231.0 |
| 006 |
m o d | |
| 007 |
cr cnu|||||||| |
| 008 |
231204s1987 xx o ||||0 ger d |
| 020 |
|
|
|a 9783631755808
|q (electronic bk.)
|
| 020 |
|
|
|z 9783820410860
|
| 035 |
|
|
|a (MiAaPQ)EBC30685971
|
| 035 |
|
|
|a (Au-PeEL)EBL30685971
|
| 035 |
|
|
|a (OCoLC)1202552200
|
| 040 |
|
|
|a MiAaPQ
|b eng
|e rda
|e pn
|c MiAaPQ
|d MiAaPQ
|
| 245 |
1 |
0 |
|a Intertemporale Wirkungen der Staatsverschuldung.
|
| 250 |
|
|
|a 1st ed.
|
| 264 |
|
1 |
|a Frankfurt a.M. :
|b Peter Lang GmbH, Internationaler Verlag der Wissenschaften,
|c 1987.
|
| 264 |
|
4 |
|c ©1987.
|
| 300 |
|
|
|a 1 online resource (154 pages)
|
| 336 |
|
|
|a text
|b txt
|2 rdacontent
|
| 337 |
|
|
|a computer
|b c
|2 rdamedia
|
| 338 |
|
|
|a online resource
|b cr
|2 rdacarrier
|
| 490 |
1 |
|
|a Allokation Im Marktwirtschaftlichen System Series ;
|v v.25
|
| 505 |
0 |
|
|a Cover -- I. Einleitung -- 1. Der verschuldete Steuerstaat -- 2. Die Grenzen der Staatsverschuldung -- 2.1. Dogmenhistorischer Überblick über die Diskussion der Staatsverschuldung -- 2.2. Die neuere Diskussion über die Grenzen der Staatsverschuldung -- 3. Problemstellung -- II. Staatsverschuldung und private Spar- und Investitionsentscheidungen -- 1. Vorbemerkung -- 2. Ultrarationales Verhalten des privaten Sektors -- 3. Die These der Neutralität der Staatsschuld: Darstellung und kritische Diskussion -- 3.1. Darstellung -- 3.2. Verteilungseffekte -- 3.3. Unvollkommener Kapitalmarkt -- 3.4. Allokative Effekte der Zinssteuererhebung -- 3.5. Ungewißheit über zukünftige Zinssteuerverpflichtungen und Staatsschuldenillusion -- 3.6. Staatsausgabenkürzungen statt Zinssteuererhebung -- 3.7. Fortlaufende Staatsverschuldung -- 4. Staatsverschuldung und private Investitionsentscheidungen -- 5. Zusammenfassung -- III. Staatsverschuldung im langfristigen Gleichgewicht -- 1. Modellstruktur -- 2. Methodik -- 3. Intertemporale Wirkungen der Staatsverschuldung bei konstanten Staatsausgaben pro Kopf -- 3.1. Ausgeglichenes staatliches Budget im langfristigen Gleichgewicht -- 3.2. Staatsverschuldung im langfristigen Gleichgewicht -- 3.2.1. Staatsverschuldung und Kapitalakkumulation -- 3.2.2. Staatsverschuldung und Pro-Kopf-Konsum -- 3.2.3. Staatsverschuldung und Steuerlast -- 4. Intertemporale Wirkungen der Staatsverschuldung bei konstanter Staatsausgabenquote -- 4.1. Ausgeglichenes staatliches Budget im langfristigen Gleichgewicht -- 4.2. Staatsverschuldung im langfristigen Gleichgewicht -- 4.2.1. Staatsverschuldung, Kapitalakkumulation und Staatsausgaben -- 4.2.2. Staatsverschuldung und Pro-Kopf-Konsum -- 4.2.3. Staatsverschuldung und Steuerlast -- 5. Deficit spending im langfristigen Gleichgewicht -- 6. Staatliche Investitionen.
|
| 505 |
8 |
|
|a 7. Stationäre Wirtschaft und Staatsverschuldung -- 8. Zusammenfassung.
|
| 588 |
|
|
|a Description based on publisher supplied metadata and other sources.
|
| 590 |
|
|
|a Electronic reproduction. Ann Arbor, Michigan : ProQuest Ebook Central, 2023. Available via World Wide Web. Access may be limited to ProQuest Ebook Central affiliated libraries.
|
| 655 |
|
4 |
|a Electronic books.
|
| 776 |
0 |
8 |
|i Print version:
|t Intertemporale Wirkungen der Staatsverschuldung
|d Frankfurt a.M. : Peter Lang GmbH, Internationaler Verlag der Wissenschaften,c1987
|z 9783820410860
|
| 797 |
2 |
|
|a ProQuest (Firm)
|
| 830 |
|
0 |
|a Allokation Im Marktwirtschaftlichen System Series
|
| 856 |
4 |
0 |
|u https://ebookcentral.proquest.com/lib/matrademy/detail.action?docID=30685971
|z Click to View
|